Statistics for Years of independence countries in Asia

Click here to take the quiz!

General Stats

  • This quiz has been taken 10 times
  • The average score is 23 of 49

Answer Stats

CountryIndependence Years% Correct
Tajikistan1991
100%
Azerbaijan1991
100%
Uzbekistan1991
100%
Turkmenistan1991
100%
Kyrgyzstan1991
100%
Kazakhstan1991
100%
Georgia1991
100%
Armenia1991
100%
North Korea1948
88%
South Korea1948
88%
India1947
75%
Israel1948
75%
Russia1991
75%
Bahrain1971
63%
Afghanistan1919
50%
Turkey1923
50%
Jordan1946
50%
Pakistan1947
50%
Sri Lanka1948
50%
Myanmar1948
50%
Laos1949
50%
China1949
50%
Singapore1965
50%
Bangladesh1971
50%
Yemen1990
50%
Vietnam1945
38%
United Arab Emirates1971
38%
Qatar1971
38%
Timor-Leste2002
38%
Bhutan1907
25%
Saudi Arabia1932
25%
Indonesia1945
25%
Syria1946
25%
Cambodia1953
25%
Iraq1958
25%
Cyprus1959
25%
Malaysia1963
25%
Maldives1965
25%
Brunei1984
25%
Palestine1988
25%
Mongolia1992
25%
Philliphines1899
13%
Lebanon1943
13%
Japan660 BC
13%
Thailand1238
0%
Kuwait1613
0%
Oman1650
0%
Nepal1768
0%
Iran1979
0%

Score Distribution

Percentile by Number Answered

Percent of People with Each Score

Your Score History

You have not taken this quiz